00734nam a2200265Ia 4500008004100000020001500041040000600056041001200062082001000074082001100084100002800095245005000123245002800173250000600201260001000207260003100217260000900248300000800257300001200265365002500277501002800302942000700330999001900337952011200356141004s9999 xx 000 0 und d a8176462020 ca aEnglish a307.7 bJAC/SO a Jacob John Kattakayam aSocial structure and change among the tribals c Jacob John Kattakayam a2 aDelhi bB.R.Publishing corporation c1983 a192 b22.5 cm aRs.600.00  aKAUCOF  cBK c304054d304054 001040708TRIaKAUCOFbKAUCOFg600.00l0o307.7 JAC/SOpKAU_COF-3209r2014-10-04 00:00:00w2014-10-04yBK